<?xml version="1.0" encoding="UTF-8"?>
<record
    xmlns:xsi="http://www.w3.org/2001/XMLSchema-instance"
    xsi:schemaLocation="http://www.loc.gov/MARC21/slim http://www.loc.gov/standards/marcxml/schema/MARC21slim.xsd"
    xmlns="http://www.loc.gov/MARC21/slim">

  <leader>00647nam a22001937a 4500</leader>
  <datafield tag="082" ind1=" " ind2=" ">
    <subfield code="a">297.63</subfield>
    <subfield code="b">SEE</subfield>
  </datafield>
  <datafield tag="100" ind1=" " ind2=" ">
    <subfield code="a">Nadiv,Syed Suleman</subfield>
    <subfield code="9">47213</subfield>
  </datafield>
  <datafield tag="245" ind1=" " ind2=" ">
    <subfield code="a">&#x633;&#x6CC;&#x631;&#x62A;&#x6C1;&#x64F; &#x627;&#x644;&#x646;&#x628;&#x6CC; &#xFDFA;</subfield>
    <subfield code="c">Nadiv,Syed Suleman, Molana Shebli Numani</subfield>
  </datafield>
  <datafield tag="260" ind1=" " ind2=" ">
    <subfield code="a">Lahore</subfield>
    <subfield code="b">Qamar Saeed publisher Lahore</subfield>
  </datafield>
  <datafield tag="300" ind1=" " ind2=" ">
    <subfield code="a">568p.:</subfield>
    <subfield code="b">ill,;</subfield>
    <subfield code="c">20 cm.</subfield>
  </datafield>
  <datafield tag="526" ind1=" " ind2=" ">
    <subfield code="a">0</subfield>
    <subfield code="b">0</subfield>
    <subfield code="c">0</subfield>
    <subfield code="d">297_630000000000000_SEE</subfield>
  </datafield>
  <datafield tag="526" ind1=" " ind2=" ">
    <subfield code="a">0</subfield>
    <subfield code="b">0</subfield>
    <subfield code="c">0</subfield>
    <subfield code="d">297_630000000000000_SEE</subfield>
  </datafield>
  <datafield tag="526" ind1=" " ind2=" ">
    <subfield code="a">0</subfield>
    <subfield code="b">0</subfield>
    <subfield code="c">0</subfield>
    <subfield code="d">297_630000000000000_SEE</subfield>
  </datafield>
  <datafield tag="526" ind1=" " ind2=" ">
    <subfield code="a">0</subfield>
    <subfield code="b">0</subfield>
    <subfield code="c">0</subfield>
    <subfield code="d">297_630000000000000_SEE</subfield>
  </datafield>
  <datafield tag="526" ind1=" " ind2=" ">
    <subfield code="a">0</subfield>
    <subfield code="b">0</subfield>
    <subfield code="c">0</subfield>
    <subfield code="d">297_630000000000000_SEE</subfield>
  </datafield>
  <datafield tag="526" ind1=" " ind2=" ">
    <subfield code="a">0</subfield>
    <subfield code="b">0</subfield>
    <subfield code="c">0</subfield>
    <subfield code="d">297_630000000000000_SEE</subfield>
  </datafield>
  <datafield tag="650" ind1=" " ind2=" ">
    <subfield code="a">MCE</subfield>
    <subfield code="9">379</subfield>
  </datafield>
  <datafield tag="942" ind1=" " ind2=" ">
    <subfield code="2">ddc</subfield>
    <subfield code="c">BK</subfield>
  </datafield>
  <datafield tag="999" ind1=" " ind2=" ">
    <subfield code="c">550504</subfield>
    <subfield code="d">550504</subfield>
  </datafield>
  <datafield tag="952" ind1=" " ind2=" ">
    <subfield code="0">0</subfield>
    <subfield code="1">0</subfield>
    <subfield code="2">ddc</subfield>
    <subfield code="4">0</subfield>
    <subfield code="7">0</subfield>
    <subfield code="a">MCE</subfield>
    <subfield code="b">MCE</subfield>
    <subfield code="d">2014-11-12</subfield>
    <subfield code="l">3</subfield>
    <subfield code="o">297.63 SEE</subfield>
    <subfield code="p">MCE-34735</subfield>
    <subfield code="r">2018-01-23</subfield>
    <subfield code="s">2017-11-24</subfield>
    <subfield code="w">2014-11-12</subfield>
    <subfield code="y">BK</subfield>
    <subfield code="z">&#x62C;&#x644;&#x62F; &#x627;&#x648;&#x644;</subfield>
  </datafield>
  <datafield tag="952" ind1=" " ind2=" ">
    <subfield code="0">0</subfield>
    <subfield code="1">0</subfield>
    <subfield code="2">ddc</subfield>
    <subfield code="4">0</subfield>
    <subfield code="7">0</subfield>
    <subfield code="a">MCE</subfield>
    <subfield code="b">MCE</subfield>
    <subfield code="d">2014-11-12</subfield>
    <subfield code="l">0</subfield>
    <subfield code="o">297.63 SEE</subfield>
    <subfield code="p">MCE-9817</subfield>
    <subfield code="r">2014-11-12</subfield>
    <subfield code="w">2014-11-12</subfield>
    <subfield code="y">BK</subfield>
    <subfield code="z">&#x62C;&#x644;&#x62F; &#x67E;&#x646;&#x62C;&#x645;</subfield>
  </datafield>
  <datafield tag="952" ind1=" " ind2=" ">
    <subfield code="0">0</subfield>
    <subfield code="1">0</subfield>
    <subfield code="2">ddc</subfield>
    <subfield code="4">0</subfield>
    <subfield code="7">0</subfield>
    <subfield code="a">MCE</subfield>
    <subfield code="b">MCE</subfield>
    <subfield code="d">2014-11-12</subfield>
    <subfield code="l">0</subfield>
    <subfield code="o">297.63 SEE</subfield>
    <subfield code="p">MCE-9816</subfield>
    <subfield code="r">2014-11-12</subfield>
    <subfield code="w">2014-11-12</subfield>
    <subfield code="y">BK</subfield>
    <subfield code="z">&#x62C;&#x644;&#x62F; &#x686;&#x6C1;&#x627;&#x631;&#x645;</subfield>
  </datafield>
  <datafield tag="952" ind1=" " ind2=" ">
    <subfield code="0">0</subfield>
    <subfield code="1">0</subfield>
    <subfield code="2">ddc</subfield>
    <subfield code="4">0</subfield>
    <subfield code="7">0</subfield>
    <subfield code="a">MCE</subfield>
    <subfield code="b">MCE</subfield>
    <subfield code="d">2014-11-12</subfield>
    <subfield code="l">0</subfield>
    <subfield code="o">297.63 SEE</subfield>
    <subfield code="p">MCE-9818</subfield>
    <subfield code="r">2014-11-12</subfield>
    <subfield code="w">2014-11-12</subfield>
    <subfield code="y">BK</subfield>
    <subfield code="z">&#x62C;&#x644;&#x62F; &#x634;&#x634;&#x645;</subfield>
  </datafield>
  <datafield tag="952" ind1=" " ind2=" ">
    <subfield code="0">0</subfield>
    <subfield code="1">0</subfield>
    <subfield code="2">ddc</subfield>
    <subfield code="4">0</subfield>
    <subfield code="7">0</subfield>
    <subfield code="a">MCE</subfield>
    <subfield code="b">MCE</subfield>
    <subfield code="d">2020-09-03</subfield>
    <subfield code="l">0</subfield>
    <subfield code="o">297.63 SEE</subfield>
    <subfield code="p">MCE-51476</subfield>
    <subfield code="r">2020-09-03</subfield>
    <subfield code="w">2020-09-03</subfield>
    <subfield code="y">BK</subfield>
    <subfield code="z">&#x62C;&#x644;&#x62F; &#x627;&#x648;&#x644;</subfield>
  </datafield>
  <datafield tag="952" ind1=" " ind2=" ">
    <subfield code="0">0</subfield>
    <subfield code="1">0</subfield>
    <subfield code="2">ddc</subfield>
    <subfield code="4">0</subfield>
    <subfield code="7">0</subfield>
    <subfield code="a">MCE</subfield>
    <subfield code="b">MCE</subfield>
    <subfield code="d">2020-09-03</subfield>
    <subfield code="l">0</subfield>
    <subfield code="o">297.63 SEE</subfield>
    <subfield code="p">MCE-51477</subfield>
    <subfield code="r">2020-09-03</subfield>
    <subfield code="w">2020-09-03</subfield>
    <subfield code="y">BK</subfield>
    <subfield code="z">&#x62C;&#x644;&#x62F; &#x67E;&#x646;&#x62C;&#x645;</subfield>
  </datafield>
</record>
